| 000 | 00641cam a22002292 4500 | ||
|---|---|---|---|
| 001 | 0000005890 | ||
| 005 | 20151217152007.0 | ||
| 008 | 070809s xx 000 0 eng d | ||
| 020 | _a1428610979 : | ||
| 040 |
_aKABU _cKABU |
||
| 050 | 0 |
_aBV2060 _b.B75 1830 |
|
| 100 | 1 |
_aBridges, Charles. _@0000157164 |
|
| 245 | 1 | 4 | _aThe Christian ministry. |
| 250 | _a3rd ed. | ||
| 260 |
_aLondon : _bR. B. Seeley, _c1830. |
||
| 300 | _axiii, 672 p. | ||
| 650 | 0 |
_aMissions. _@0000149612 |
|
| 908 | _a070809 | ||
| 950 | _@1 | ||
| 999 |
_c7108 _d7108 |
||